000 00591nam a2200241Ia 4500
003 OSt
005 20221005130524.0
006 a|||||r|||| 00| 0
007 ta
008 221004b |||||||| |||| 00| 0 mal d
024 _a57792
037 _cTextual
040 _aCRL
_cCRL
_bmal
041 _2mal
_amal
082 _aQ11:21y7, 32K6
100 _aValath
_9638270
245 0 _aRigvedathilute
260 _c1966
300 _a264p.
_ccm.
650 _aMALAYALAM LITERATURE
_938866
942 _hQ11:21y7, 32K6
_cTEXL
_2cc
999 _c1057549
_d1057549